Stress distribution tables for soil under concentrated loads ; for single, concentrated loads and linear loads applied to the boundary surface of an elastic, semi-infinite medium and for various Poisson's coefficients m and Frohlich's stress concentration factors [nu] /

Bibliographic Details
Main Author: Jumikis, Alfreds R.
Format: Book
Language:English
Published: New Brunswick, N.J. : Rutgers University, Bureau of Engineering Research, 1969.
Series:Engineering research bulletin (New Brunswick, N.J.) ; no. 48.
Subjects:

MARC

Tag First Indicator Second Indicator Subfields
LEADER 00000cam a2200000 4500
001 in00000093172
005 20150925085313.0
008 701214s1969 njuac b 00110 engx
010 |a  76627173  
035 |a (OCoLC)00113635 
035 |9 AAL1755AM 
037 |c $10.00 
040 |a DLC  |c DLC  |d TXA  |d UtOrBLW 
049 |a TXAM  |c [1011843] 
050 0 0 |a TA1  |b .R842 no. 48 
082 0 |a 624/.151 
100 1 |a Jumikis, Alfreds R. 
245 1 0 |a Stress distribution tables for soil under concentrated loads ;  |b for single, concentrated loads and linear loads applied to the boundary surface of an elastic, semi-infinite medium and for various Poisson's coefficients m and Frohlich's stress concentration factors [nu] /  |c [by] Alfreds R. Jumikis. 
264 1 |a New Brunswick, N.J. :  |b Rutgers University, Bureau of Engineering Research,  |c 1969. 
300 |a x, 233 pages :  |b illustrations, portraits ;  |c 29 cm. 
336 |a text  |b txt  |2 rdacontent 
337 |a unmediated  |b n  |2 rdamedia 
338 |a volume  |b nc  |2 rdacarrier 
490 1 |a Engineering research publication no. 48 
500 |a This book constitutes a successor to the author's Active and passive earth pressure coefficient tables and Stability analyses of soil foundation systems published in 1962 and 1965, respectively. 
504 |a Bibliography: pages 227-228. 
650 0 |a Soil mechanics  |x Tables. 
830 0 |a Engineering research bulletin (New Brunswick, N.J.) ;  |v no. 48. 
999 |a MARS 
999 f f |s ea44a2e0-8f58-32cf-b707-ae19bc64f5d0  |i e5600952-ca1e-3edc-932f-dafdee664f7e  |t 0 
952 f f |p ric  |a Texas A&M University  |b Rellis Campus  |c Joint Library Facility  |d Remote Storage  |t 0  |e TA1 .R842 no. 48  |h Library of Congress classification  |i unmediated -- volume  |m A14805283634 
998 f f |a TA1 .R842 no. 48  |t 0  |l Remote Storage